Comparación de la capacidad real versus la proyección de diseño para obras de mejoramiento y rehabilitación de pavimentos
Збережено в:
| Автор: | |
|---|---|
| Формат: | Книга |
| Опубліковано: |
[San José, Costa Rica]
2009
|
| Предмети: | |
| Теги: |
Додати тег
Немає тегів, Будьте першим, хто поставить тег для цього запису!
|
MARC
| LEADER | 00000nam a2200000Ia 4500 | ||
|---|---|---|---|
| 003 | 001410 | ||
| 005 | 20221231144047.0 | ||
| 008 | 140114s2009 cr a 000 ||s d | ||
| 040 | |c cru CEDI | ||
| 090 | |a TFG 5928 | ||
| 100 | |a Rodríguez Lépiz, Sofía |9 3667 | ||
| 245 | |a Comparación de la capacidad real versus la proyección de diseño para obras de mejoramiento y rehabilitación de pavimentos | ||
| 260 | |c 2009 |b [San José, Costa Rica] | ||
| 300 | |a xiii, 109, [83] hojas; ilustraciones a color | ||
| 500 | |a Proyecto de graduación (licenciatura en ingeniería civil)--Universidad de Costa Rica. Escuela de Ingeniería Civil | ||
| 650 | |x PAVIMENTOS |x DISEÑO Y CONSTRUCCION |x EVALUACION |x DISEÑO DE ESTRUCTURAS |x CARRETERAS |x CUIDADO Y REPARACION |x ESFUERZO Y TENSION |x VIGA BENKELMAN |9 3668 | ||
| 942 | |c TFG | ||
| 999 | |c 16307 |d 16307 | ||
